| 000 | 00716cam a2200241 4500 | ||
|---|---|---|---|
| 008 | 090401t1994 xxu||||| |||| 00| 0 eng d | ||
| 020 | _a0854066446 | ||
| 035 | _a(Sirsi) u60212 | ||
| 041 | _aeng | ||
| 050 |
_a711.1 _c18 |
||
| 090 | _aRICS 1994/51ABCD | ||
| 110 |
_aRoyal Institution of Chartered Surveyors _bPlanning Practice Skills Panel _94513 |
||
| 245 | _aPlanning enforcement | ||
| 260 |
_aLondon _bRICS _c1994 |
||
| 300 |
_a7p. _c30cm. |
||
| 350 | _a7.25 | ||
| 490 | _aRICS Guidance Note | ||
| 650 | _aPLANNING ENFORCEMENT | ||
| 690 | _aENVIRONMENTAL AND LAND CONSULTANCY-PLANNING AND DEVELOPMENT | ||
| 710 |
_aRoyal Institution of Chartered Surveyors _94900 |
||
| 942 | _n0 | ||
| 948 | _c04/03/1997 | ||
| 999 |
_c94208 _d94208 |
||